000 01063nam a22003497a 4500
001 0051755
003 KOHA_MİRAKIL
005 20260207003816.0
007 ta
008 150629b2012 tu |||gr||||#||||0|tur |
020 _a9786051333045
040 _aTR-BiSEU
_btur
_cTR-BiSEU
_erda
041 0 _atur
044 _ctu
050 _aQA184.5
_b.S23 2012
100 1 _aSabuncuoğlu, Arif.
245 1 _aMühendislik ve istatistik bölümleri için lineer cebir/
_cArif Sabuncuoğlu ; Arif Sabuncuoğlu.
264 1 _aAnkara :
_bNobel
_c2012
300 _aVI, 388 sayfa; 25 cm.
336 _ametin
_btxt
_2rdacontent
337 _aaracısız
_bn
_2rdamedia
338 _acilt
_bnc
_2rdacarrier
490 1 _aYayın No ;
_v402.
490 1 _aMatematik/ İstatistik No ;
_v19
500 _aDizin var.
500 _aKaynakça var.
650 0 _aLineer cebir
_92052
650 0 _aLineer cebir --Problemler, alıştırmalar, vb.
_996424
830 1 _aYayın No ;
_v402.
_91861
830 1 _aMatematik/ İstatistik No ;
_v19
_996425
942 _2lcc
_cBK
999 _c51575
_d51575